New indentation methods for the characterisation of elastomer composites (Record no. 63832)

MARC details
000 -LEADER
fixed length control field 00552nam a2200217Ia 4500
100 ## - MAIN ENTRY--AUTHOR NAME
Personal name Unseld K
245 #0 - TITLE STATEMENT
Title New indentation methods for the characterisation of elastomer composites
260 ## - PUBLICATION, DISTRIBUTION, ETC. (IMPRINT)
Name of publisher Kautschuk Gummi Kunststoffe
Year of publication 2000
300 ## - PHYSICAL DESCRIPTION
Number of Pages 52-58
650 ## - SUBJECT ADDED ENTRY--TOPICAL TERM
Topical Term Composite
650 ## - SUBJECT ADDED ENTRY--TOPICAL TERM
Topical Term Indensation method
650 ## - SUBJECT ADDED ENTRY--TOPICAL TERM
Topical Term Mechanical mapping
650 ## - SUBJECT ADDED ENTRY--TOPICAL TERM
Topical Term NR
650 ## - SUBJECT ADDED ENTRY--TOPICAL TERM
Topical Term SBR
650 ## - SUBJECT ADDED ENTRY--TOPICAL TERM
Topical Term Stiffness
700 ## - ADDED ENTRY--PERSONAL NAME
Personal name Albohr O
700 ## - ADDED ENTRY--PERSONAL NAME
Personal name Fuchs H B
700 ## - ADDED ENTRY--PERSONAL NAME
Personal name Herrmann V
942 ## - ADDED ENTRY ELEMENTS (KOHA)
Koha item type Journals
Holdings
Withdrawn status Lost status Damaged status Not for loan Home library Current library Shelving location Date acquired Serial Enumeration / chronology Koha item type
      Journals RRII Library RRII Library Rubber chemistry 17/12/2021 Volume 53, Issue 02-Jan Journals